The biggest 100 EVERYTHING - Statistics

General Stats
  • This quiz has been taken 49 times
    34 since last reset
  • The average score is 23 of 100
Answer Stats
Type Size Answer % Correct
Body of water 155.557.000 km² Pacific Ocean (excludes adjacent seas)
91%
Body of water 165.500.000 km² Pacific Ocean (includes adjacent seas)
91%
Body of water 76.762.000 km² Atlantic Ocean (excludes adjacent seas)
81%
Body of water 106.400.000 km² Atlantic Ocean (includes adjacent seas)
81%
Country 17.125.200 km² Russia
81%
Former country 22.800.000 km² Russian Empire
81%
Planet 510.065.284 km² Earth
78%
Body of water 68.556.000 km² Indian Ocean (excludes adjacent seas)
72%
Body of water 73.556.000 km² Indian Ocean (includes adjacent seas)
72%
Country 9.522,055 km² United States
69%
Body of water 14.056.000 km² Arctic Ocean
66%
Landmass 44.479.000 km² Asia
66%
Country 9.706.961 km² China (excluding disputed areas)
63%
''Country'' 9.742.010 km² China (including disputed areas)
63%
Landmass 30.221.532 km² Africa
59%
''Country'' 7.902.634 km² Contiguous United States
59%
Former country 22.402.200 km² Soviet Union
59%
Country 7.686.848 km² Australia
56%
Landmass 7.595.342 km² Australia
56%
Country 9.984.670 km² Canada
53%
Landmass 53.990.000 km² Eurasia
53%
Landmass 10.180.000 km² Europe
53%
Traditional realm 6.220.000 km² Europe (excluding Russia)
53%
Organization 147.000.000 km² United Nations
53%
Landmass 14.200.000 km² Antarctica
50%
Moon 37.930.000 km² Moon
50%
Landmass 17.840.000 km² South America
50%
Landmass 24.490.000 km² North America
47%
Organization 27.581.382 km² North Atlantic Treaty Organization
47%
Country 8.514.877 km² Brazil
44%
Former country 24.000.000 km² Mongol Empire
41%
Former country 35.500.000 km² British Empire
38%
Desert 9.200.000 km² Sahara
34%
Landmass 9.008.458 km² Oceania
31%
Landmass 84.211.532 km² Afro-Eurasia
25%
Body of water 361.126.221 km² All water
22%
Body of water 20.327.000 km² Southern Ocean
22%
Landmass 148.939.063 km² All land
19%
Former country 11.500.000 km² Second French colonial Empire
19%
Former country 13.700.000 km² Spanish Empire
16%
Landmass 42.549.000 km² the Americas
16%
Former country 14.700.000 km² Qing Empire
9%
Geographical realm 13.138.242 km² Siberia
9%
Geographical realm 7.955.717 km² Australasia
6%
Body of water 9.080.000 km² Australasian Mediterranean Sea
6%
Biographical realm 7.600.000 km² Australasian realm
6%
Former country 10.760.000 km² Tang Empire
6%
Former country 11.100.000 km² Umayyad Caliphate
6%
Former organization 23.140.845 km² Warsaw Pact
6%
Former country 11.100.000 km² Abbasid Caliphate
3%
Organization 29.797.500 km² African Union
3%
Geographical realm 11.796.365 km² East Asia
3%
Geographical realm 7.002.969 km² Eastern Africa
3%
Geographical realm 5.726.128 km² Eastern Europe
3%
Geographical realm 23.250.309 km² Far East
3%
Geographical realm 7.207.575 km² Middle-East
3%
Former country 6.500.000 km² Ming Empire
3%
Geographical realm 7.880.374 km² Northern Africa
3%
Landmass 84.980.532 km² Old World
3%
Geographical realm 6.783.786 km² Southern Asia
3%
''Country'' 11.420.000 km² Taiwan (including disputed areas)
3%
Geographical realm 6.143.409 km² West Africa
3%
Former country 11.000.000 km² Yuan Khanate
3%
Biographical realm 22.100.000 km² Afrotropic
0%
Concept 7.015.501 km² Akhand Bharat/Akhand Hindustan
0%
Basin 6.300.000 km² Amazon basin
0%
Organization 19.953.041 km² Arab League
0%
Group of land 13.958.000 km² Arable land
0%
Object 14.540.000 km² Arctic sea ice
0%
Organization 46.872.864 km² Asia Cooperation Dialogue
0%
Geographical realm 8.010.655 km² Australia and New Zealand
0%
''Country'' 5.896.500 km² Australian Antarctic Territory
0%
Organization 20.368.759 km² Commonwealth of Independent States
0%
Organization 31.462.574 km² Commonwealth of Nations
0%
Former country 6.500.000 km² Eastern Han Empire
0%
Organization 7.937.197 km² Economic Cooperation Organization
0%
Former country 8.337.218 km² Empire of Brazil
0%
Organization 20.229.248 km² Eurasian Economic Union
0%
District 6.215.900 km² Far Eastern Federal District
0%
Former country 6.000.000 km² First Turkic Khaganate
0%
Biographic realm 77.000.000 km² Holarctic
0%
Biographical realm 7.500.000 km² Indomalaya
0%
Geographical realm 20.111,457 km² Latin America
0%
Organization 14.869.775 km² Mercosur
0%
Geographical realm 6.613.058 km² Middle Africa
0%
Biographical realm 22.900.000 km² Nearctic
0%
Biographical realm 19.000.000 km² Neotropic
0%
Geographical realm 21.780.142 km² Northern America
0%
Organization 40.275.678 km² Organization of American States
0%
Biographic realm 54.100.000 km² Palearctic
0%
Former country 6.400.000 km² Rashidun Caliphate
0%
Organization 20.552.728 km² South Atlantic Peace and Cooperation Zone
0%
Geographical realm 22.341.158 km² Sub-Saharan Africa
0%
Geographical realm 8.063.879 km² the East Indies
0%
Former country 6.000.000 km² the Golden Horde
0%
Organization 17.715.335 km² Union of South American Nations
0%
Organization 21.578.137 km² USMCA/CUSMA/TMEC/ACEUM
0%
Former country 6.000.000 km² Western Han Empire
0%
Organization 117.870.000 km² World Trade Organization
0%
Former country 9.000.000 km² Xiongnu Empire
0%
No matching quizzes found
Score Distribution
Percent of People with Each Score
Percentile by Number Answered
Your Score History
You have not taken this quiz since the last reset